Alan Rickman Movie by Character Quiz Stats

 Plays Quiz not verified by Sporcle

Challenge
Share
Tweet
Embed
Score 0/34 Timer 09:00
0 Plays Today
Hint Answer % Correct
Severus SnapeHarry Potter
100%
The Sheriff of NottinghamRobin Hood: Prince of Thieves
96.6%
Hans GruberDie Hard
93.1%
CaterpillarAlice in Wonderland
86.2%
Judge TurpinSweeney Todd: The Demon Barber of Fleet Street
69%
HarryLove Actually
55.2%
MetatronDogma
55.2%
Ronald ReaganThe Butler
55.2%
MarvinA Hitchhiker's Guide to the Galaxy
44.8%
Sir Alexander DaneGalaxy Quest
41.4%
Christopher BrandonSense and Sensibility
37.9%
JamieTruly, Madly, Deeply
37.9%
Eamon de ValeraMichael Collins
37.9%
King Louis XIVA Little Chaos
31%
Grigori RasputinRasputin: Dark Servant of Destiny
31%
Dr. Alfred BlalockSomething the Lord Made
27.6%
Antoine RichisPerfume: The Story of a Murderer
24.1%
Hint Answer % Correct
Lionel ShahbandarGambit
24.1%
Hilly KristalCBGB
24.1%
Franz MesmerMesmer
24.1%
P.L. O'HaraAn Awfully Big Adventure
24.1%
Karl HoffmeisterA Promise
24.1%
SinclairClose My Eyes
24.1%
Detective David FriedmanJudas Kiss
24.1%
Eli MichaelsonNobel Son
24.1%
InterrogatorCloset Land
24.1%
Alex HughesSnow Cake
20.7%
Steven SpurrierBottle Shock
20.7%
EdThe January Man
20.7%
Frank BensonEye in the Sky
17.2%
Elliott MarstonQuigley Down Under
17.2%
Lukas Hart IIIBob Roberts
17.2%
JoeHelp! I'm a Fish
10.3%
Noel OdellThe Wildest Dream
10.3%

You're not logged in!

Compare scores with friends on all Sporcle quizzes.
Join for Free
OR
Log In

You Might Also Like...

Show Comments

Extras

Top Quizzes Today


Score Distribution

Your Account Isn't Verified!

In order to create a playlist on Sporcle, you need to verify the email address you used during registration. Go to your Sporcle Settings to finish the process.

Report this User

Report this user for behavior that violates our Community Guidelines.

Details: